| 000 | 00528nam a22001577a 4500 | ||
|---|---|---|---|
| 008 | 160803b xxu||||| |||| 00| 0 eng d | ||
| 020 | _a9780195149036 | ||
| 050 | _aREF DS35.53.O95 1995 | ||
| 100 |
_aEsposito, John L. _924540 |
||
| 245 |
_aThe Oxford encyclopedia of the modern Islamic world _c/ John L. Esposito |
||
| 260 |
_aNew York _bOxford University Press _c1995 |
||
| 300 |
_axiii, 466p. ; _c29cm. |
||
| 650 |
_aIslamic countries _xEncyclopedia _924541 |
||
| 650 |
_aIslam _xEncyclopedia _924542 |
||
| 942 |
_2lcc _cMONOGRAPH |
||
| 999 |
_c124828 _d124828 |
||